Screen Actors Guild Award for Outstanding Performance by a Male Actor in a Comedy Series - Statistics

General Stats
  • This quiz has been taken 6 times
  • The average score is 10 of 23
Answer Stats
Year Actor % Correct
2012 Alec Baldwin
80%
2011 Alec Baldwin
80%
2010 Alec Baldwin
80%
2009 Alec Baldwin
80%
2008 Alec Baldwin
80%
2007 Alec Baldwin
80%
2006 Alec Baldwin
80%
2015 Jeffrey Tambor
40%
1999 Michael J. Fox
40%
1998 Michael J. Fox
40%
2005 Sean Hayes
40%
2002 Sean Hayes
40%
2001 Sean Hayes
40%
2013 Ty Burrell
40%
1995 David Hyde Pierce
20%
1994 Jason Alexander
20%
1997 John Lithgow
20%
1996 John Lithgow
20%
2000 Robert Downey, Jr.
20%
2004 Tony Shalhoub
20%
2003 Tony Shalhoub
20%
2016 William H. Macy
20%
2014 William H. Macy
20%
No matching quizzes found
Score Distribution
Percent of People with Each Score
Percentile by Number Answered
Your Score History
You have not taken this quiz